Hungry / (Record no. 48882)
| 000 -LEADER | |
|---|---|
| fixed length control field | 00385nam a2200133 4500 |
| 020 ## - INTERNATIONAL STANDARD BOOK NUMBER | |
| International Standard Book Number | 9781250063083 |
| 100 ## - MAIN ENTRY--PERSONAL NAME | |
| Personal name | Swain, Heather A. |
| 9 (RLIN) | 86271 |
| 245 ## - TITLE STATEMENT | |
| Title | Hungry / |
| Statement of responsibility, etc | Heather A. Swain |
| 260 ## - PUBLICATION, DISTRIBUTION, ETC. (IMPRINT) | |
| Place of publication, distribution, etc | New York: |
| Name of publisher, distributor, etc | Square fish; |
| Date of publication, distribution, etc | 2014. |
| 300 ## - PHYSICAL DESCRIPTION | |
| Extent | 372 p. |
| Dimensions | 21 cm. |
| 650 ## - SUBJECT ADDED ENTRY--TOPICAL TERM | |
| Topical term or geographic name as entry element | Food. Hunger. Resistance to government. |
| Form subdivision | Fiction. |
| 9 (RLIN) | 86272 |
| 655 ## - INDEX TERM--GENRE/FORM | |
| Genre/form data or focus term | Dystopia. |
| 9 (RLIN) | 84488 |
| 942 ## - ADDED ENTRY ELEMENTS (KOHA) | |
| Source of classification or shelving scheme | |
| Koha item type | YA FIC BOOKS |
| Withdrawn status | Lost status | Source of classification or shelving scheme | Damaged status | Not for loan | Collection code | Home library | Current library | Shelving location | Date acquired | Total Checkouts | Full call number | Barcode | Checked out | Date last seen | Date checked out | Price effective from | Koha item type |
|---|---|---|---|---|---|---|---|---|---|---|---|---|---|---|---|---|---|
| SECONDARY | Asian Hope Secondary Library | Asian Hope Secondary Library | SECONDARY | 04/30/2025 | 2 | YA FIC SWA | 208345 | 04/30/2026 | 04/23/2026 | 04/23/2026 | 04/30/2025 | YA FIC BOOKS |